000 00558nam a22001817a 4500
005 20251108172648.0
008 250721s2001 xx 000 0 ara d
082 1 4 _a817/صلا
100 1 _aالصلال، عايدة
245 1 0 _aإضحك مع أحدث 699 نكته ونكتة /
264 1 _aالزرقاء :
_bمكتبة الإمام علي،
_c2001.
300 _a122 ص
650 1 7 _aالأهاجي والفكاهة
650 1 7 _aالفكاهة والنوادر
650 1 7 _aالأشكال الأدبية
942 _2ddc
_cBK
999 _c85283
_d85283